Chování bank ve vztahu k nemovitostem

Súčasný búrlivý vývoj svetovej ekonomiky. Snaha o plošné znižovanie nákladov a ich optimalizácie Regionálne trhy. Dôvody regionálnej expanzie Významné transakcie.

Na minha lista:
Detalhes bibliográficos
Autor principal: Skřivánek, Pavel
Outros Autores: Semeráková, Petra
Formato: Capítulo de Livro
Idioma:tcheco
Assuntos:
Tags: Adicionar Tag
Sem tags, seja o primeiro a adicionar uma tag!

MARC

LEADER 00000naa$a2200000$$$4500
001 0088567
005 20231010095407.5
041 0 |a cze 
044 |a CZ 
245 1 0 |a Chování bank ve vztahu k nemovitostem  |c Pavel Skřivánek, Petra Semeráková 
520 |a Súčasný búrlivý vývoj svetovej ekonomiky. Snaha o plošné znižovanie nákladov a ich optimalizácie Regionálne trhy. Dôvody regionálnej expanzie Významné transakcie. 
610 2 0 |a hospodárstvo svetové 
610 2 0 |a znižovanie nákladov 
610 2 0 |a sily pracovné 
610 2 0 |a nehnuteľnosti 
100 1 |a Skřivánek, Pavel 
700 1 |a Semeráková, Petra